000 00452nam a22001697a 4500
003 NUST - PNEC
005 20170116181006.0
008 150912b xxu||||| |||| 00| 0 eng d
020 _a8177584022
040 _cLIBRARY
082 _a621.384 REE
100 _99827
_aJeffrey H. Reed
245 _aSoftware radio: a modern approach to radio engineering
_cJeffrey H. Reed
260 _cc.2002
650 _99831
_aSoftware radio
_xEE
942 _2ddc
_cBK
999 _c66895
_d66895